zpět

Detail výsledku týmu

Stodola, Olomouc

Datum a čas kvízu

27.5 Celkem bodů Celkový počet nahraných bodů na tomto kvízu bez doplňovacích otázek.
11. Pořadí na kvízu Konečné umístění týmu na tomto kvízu.

Zaznamenané odpovědi

# Otázka Odpověď Body Výsledky
1. Který český politik zveřejnil... Vít Rakušan 1
2. Švédské království ve čtvrtek... 32. členem 1
3. V sobotu se v pražském Rudolfi... Přišla v noci, Bratři 0.5
4. Ve středu vstoupila na český t... Partners 1
5. V pondělí byl představen ofici... Invalidovna 0
6. Začneme prvním českým králem p... Přemysl Otakar II., 1278 0
7. Další „slavnou“ prohrou, která... stoletá válka 0
8. V bitvě u Lipan, kterou řadí m... Jan Roháč (z Dubé) 1
9. Bitva na Bílé hoře v roce 1620... D) 2 hodiny 1
10. Mnichovská dohoda je typickým... appeasement 0